| 000 | 00512nam a22001937a 4500 | ||
|---|---|---|---|
| 003 | OSt | ||
| 005 | 20160815164635.0 | ||
| 008 | 160815b xxu||||| |||| 00| 0 eng d | ||
| 020 | _a9781597492195 | ||
| 040 | _cDDC. | ||
| 082 | _a004EXC 2007. | ||
| 100 |
_aConrad H,Agramount; _910655 |
||
| 245 | _aExchange SQL and 11s Book Period. | ||
| 260 |
_auk. _bSyngress. _c2007. |
||
| 300 |
_axxxiii,1189p; _bill; _c26cm. |
||
| 504 | _aincludes index. | ||
| 650 |
_aprogramming Languages. _910574 |
||
| 942 |
_2ddc _cO_SHELF |
||
| 999 |
_c4979 _d4979 |
||